<Der> Finanzplatz Frankfurt aus der Sicht der Auslandsbanken.
Podiel zahraničných bánk na poli financií vo Frankfurte n/Mohanom. Predpoklady rozvoja finančného života v meste (ponuka, rozsah služieb..). Príčiny nedostatočného rozvoja finančníctva (vysoké náklady, organizácia bánk, burzy, personál..). Úloha zahraničných bánk. Nové bankové služby. Zlepšovanie po...
Na minha lista:
| Autor principal: | |
|---|---|
| Formato: | Capítulo de Livro |
| Idioma: | alemão |
| Assuntos: | |
| Tags: |
Sem tags, seja o primeiro a adicionar uma tag!
|
MARC
| LEADER | 00000naa a2200000 4500 | ||
|---|---|---|---|
| 001 | r003402 | ||
| 005 | 20221208122735.3 | ||
| 041 | 0 | |a ger | |
| 044 | |a DE | ||
| 245 | 1 | 0 | |a <Der> Finanzplatz Frankfurt aus der Sicht der Auslandsbanken. |c H.G. Engel |
| 520 | |a Podiel zahraničných bánk na poli financií vo Frankfurte n/Mohanom. Predpoklady rozvoja finančného života v meste (ponuka, rozsah služieb..). Príčiny nedostatočného rozvoja finančníctva (vysoké náklady, organizácia bánk, burzy, personál..). Úloha zahraničných bánk. Nové bankové služby. Zlepšovanie podmienok a perspektívy finančníctva vo Frankfurte. | ||
| 610 | 2 | 0 | |a banky |
| 610 | 2 | 0 | |a burzy |
| 610 | 2 | 0 | |a Frankfurt nad Mohanom |
| 610 | 2 | 0 | |a Nemecko |
| 100 | 1 | |a Engel, H.G. | |